000 00600nam a22002177a 4500
003 OSt
005 20140311163000.0
008 130223t xxu||||| |||| 00| 0 eng d
020 _a1861525273
050 _aHD 56.25
_b.Ir78 2000
100 _aIrwin, David
245 _aOn target :
_cDavid Irwin
_b achieving best business performance /
260 _aLondon :
_b Business Press/Thomson Learning,
_c2000.
300 _a232 p. :
_c 24 cm.
_bill. ;
521 _aBSBA
562 _e1
650 _a1. Management
650 _a 2. Managing a business
942 _2lcc
_cBK
_kFOR
999 _c39181
_d39181